Rítmico salitre /
Gespeichert in:
| 1. Verfasser: | |
|---|---|
| Format: | Buch |
| Sprache: | Spanish |
| Veröffentlicht: |
San José, Costa Rica:
Editorial Costa Rica,
1967.
|
| Schlagworte: | |
| Tags: |
Tag hinzufügen
Keine Tags, Fügen Sie den ersten Tag hinzu!
|
MARC
| LEADER | 00000nam a22000001 4500 | ||
|---|---|---|---|
| 001 | bimo0001734727 | ||
| 005 | 20170512090105.0 | ||
| 008 | 010710s1967 cr p spa | ||
| 040 | |a SpMaBN |b spa |c CDM | ||
| 082 | |a CR861.4 |b Ch484r | ||
| 100 | 1 | |a Charpentier García, Jorge |d 1933-2004 | |
| 245 | 1 | 0 | |a Rítmico salitre / |h [Texto impreso] |c Jorge Charpentier |
| 260 | |a San José, Costa Rica: |b Editorial Costa Rica, |c 1967. | ||
| 300 | |a 64 páginas, 4 hojas | ||
| 650 | 7 | |9 76 |a LITERATURA COSTARRICENSE |v POESIA | |
| 942 | |2 ddc |c BK | ||
| 956 | |a 1 | ||
| 999 | |c 4191 |d 4191 | ||
